000
00335nam a22001457a 4500
008
210312b ||||| |||| 00| 0 eng d
020
_a
9780735627390
041
_a
eng
080
_a
004
082
_a
004
100
_a
35
101
_a
SHKI
245
_a
Accessing Data with Microsoft .NET Framwork 4
_c
Johnson,G
942
_2
udc
_c
BK
999
_c
56590
_d
56590